Numerical Methods: For Scientific and Engineering Computation / (Record no. 25282)

000 -LEADER
fixed length control field 00568nam a2200181 4500
008 - FIXED-LENGTH DATA ELEMENTS--GENERAL INFORMATION
fixed length control field 230123b ||||| |||| 00| 0 eng d
020 ## - INTERNATIONAL STANDARD BOOK NUMBER
International Standard Book Number 9788122433234
082 00 - DEWEY DECIMAL CLASSIFICATION NUMBER
Classification number 519.4
Item number J254
100 ## - MAIN ENTRY--PERSONAL NAME
9 (RLIN) 2938
Personal name Jain, M. K.
245 10 - TITLE STATEMENT
Title Numerical Methods: For Scientific and Engineering Computation /
250 ## - EDITION STATEMENT
Edition statement 6th ed.
260 ## - PUBLICATION, DISTRIBUTION, ETC. (IMPRINT)
Place of publication, distribution, etc New Delhi:
Name of publisher, distributor, etc New Age International Publishers,
Date of publication, distribution, etc 2016.
300 ## - PHYSICAL DESCRIPTION
Extent xi, 722 p.
650 #0 - SUBJECT ADDED ENTRY--TOPICAL TERM
Topical term or geographic name as entry element Mathematics
700 ## - ADDED ENTRY--PERSONAL NAME
9 (RLIN) 5414
Personal name Iyengar, S. R. K
9 (RLIN) 3345
Personal name Jain, R. K.
942 ## - ADDED ENTRY ELEMENTS (KOHA)
Source of classification or shelving scheme
Item type Books
Holdings
Withdrawn status Lost status Source of classification or shelving scheme Damaged status Not for loan Permanent location Current location Date acquired Source of acquisition Full call number Barcode Date last seen Koha item type
          IMU Kolkata IMU Kolkata 2023-01-18 Hostel Books 519.4 J254 G00437 2023-01-23 Books
          IMU Kolkata IMU Kolkata 2023-01-18 Hostel Books 519.4 J254 G00438 2023-01-23 Books
          IMU Kolkata IMU Kolkata 2023-01-18 Hostel Books 519.4 J254 G00439 2023-01-23 Books
          IMU Kolkata IMU Kolkata 2023-01-18 Hostel Books 519.4 J254 G00440 2023-01-23 Books
          IMU Kolkata IMU Kolkata 2023-01-18 Hostel Books 519.4 J254 G00441 2023-01-23 Books
Designed and Maintained by IMU-KC Library, Kolkata Campus © Copyright All Rights Reserved

webs counters

Powered by Koha